البراءة فى الأحكام الجنائية وأثرها على رفض الدعوى المدنية : (Record no. 57260)
[ view plain ]
| 000 -LEADER | |
|---|---|
| fixed length control field | 01764nam a2200337 i 4500 |
| 003 - CONTROL NUMBER IDENTIFIER | |
| control field | EG-GICUC |
| 005 - DATE AND TIME OF LATEST TRANSACTION | |
| control field | 20260314100440.0 |
| 008 - FIXED-LENGTH DATA ELEMENTS--GENERAL INFORMATION | |
| fixed length control field | 260115s1988 ua |||fr|||| 00| 0 ara d |
| 017 ## - COPYRIGHT OR LEGAL DEPOSIT NUMBER | |
| Copyright or legal deposit number | 2521/1988 |
| 020 ## - INTERNATIONAL STANDARD BOOK NUMBER | |
| International Standard Book Number | 9771033964 |
| 040 ## - CATALOGING SOURCE | |
| Original cataloging agency | EG-GICUC |
| Language of cataloging | ara |
| Transcribing agency | EG-GICUC |
| Modifying agency | EG-GICUC |
| Description conventions | rda |
| 041 0# - LANGUAGE CODE | |
| Language code of text/sound track or separate title | Ara |
| 082 04 - DEWEY DECIMAL CLASSIFICATION NUMBER | |
| Edition number | 21 |
| Classification number | 343.3816 |
| Item number | م ح . ب |
| 092 04 - LOCALLY ASSIGNED DEWEY CALL NUMBER (OCLC) | |
| Edition number | 21 |
| 099 ## - LOCAL FREE-TEXT CALL NUMBER (OCLC) | |
| Classification number | Law1 10 343.3816 م ح . ب 1988 |
| 100 0# - MAIN ENTRY--PERSONAL NAME | |
| Personal name | محمد شتا أبو سعد |
| Relator term | مؤلف. |
| 245 12 - TITLE STATEMENT | |
| Title | البراءة فى الأحكام الجنائية وأثرها على رفض الدعوى المدنية : |
| Remainder of title | أول دراسة قضائية وفقهية تأصيلية جامعة فى الموضوع وتتناول أسباب الحكم بالبراءة والتخفيف فى مجال القسم العام من قانون العقوبات، الأحداث، وبعض جرائم القانون الخاص، كجرائم أمن الدولة، السرقة، القتل عمدا أو خطأ، والنصب وجرائم الشيك، وجرائم المخدرات، والأسلحة والذخائر، والبراءة لأسباب إجرائية / |
| Statement of responsibility, etc. | تأليف دكتور محمد شتا أبو سعد. |
| 250 ## - EDITION STATEMENT | |
| Edition statement | الطبعة الأولى |
| 264 #1 - PRODUCTION, PUBLICATION, DISTRIBUTION, MANUFACTURE, AND COPYRIGHT NOTICE | |
| Place of production, publication, distribution, manufacture | الإسكندرية : |
| Name of producer, publisher, distributor, manufacturer | منشأة المعارف، |
| Date of production, publication, distribution, manufacture, or copyright notice | 1988. |
| 300 ## - PHYSICAL DESCRIPTION | |
| Extent | 512 صفحة؛ |
| Dimensions | 24 سم. |
| 336 ## - CONTENT TYPE | |
| Source | rda content |
| Content type term | text |
| 337 ## - MEDIA TYPE | |
| Source | rda media |
| Media type term | Computer |
| 338 ## - CARRIER TYPE | |
| Source | rda carrier |
| Carrier type term | Online Resource |
| 546 ## - LANGUAGE NOTE | |
| Language note | النص باللغة العربية |
| 650 1# - SUBJECT ADDED ENTRY--TOPICAL TERM | |
| Topical term or geographic name entry element | الحكم الصادر بالبراءة |
| Source of heading or term | qrmak |
| 650 1# - SUBJECT ADDED ENTRY--TOPICAL TERM | |
| Topical term or geographic name entry element | القانون الجنائى |
| Source of heading or term | qrmak |
| 651 1# - SUBJECT ADDED ENTRY--GEOGRAPHIC NAME | |
| Source of heading or term | qrmak |
| 856 40 - ELECTRONIC LOCATION AND ACCESS | |
| Uniform Resource Identifier | <a href="https://fll.law.cu.edu.eg/fulltext/bks/B10-07802.pdf">https://fll.law.cu.edu.eg/fulltext/bks/B10-07802.pdf</a> |
| 905 ## - Cataloger and Reviser Names | |
| Cataloger Name: | Yasmin Sayed |
| Revisor Name: | Yara |
| 942 ## - ADDED ENTRY ELEMENTS (KOHA) | |
| Source of classification or shelving scheme | Dewey Decimal Classification |
| Koha item type | Books |
| Edition | 21 |
| Suppress in OPAC | No |
| Withdrawn status | Lost status | Source of classification or shelving scheme | Damaged status | Not for loan | Collection | Home library | Current library | Date acquired | Total checkouts | Full call number | Barcode | Date last seen | Copy number | Price effective from | Koha item type |
|---|---|---|---|---|---|---|---|---|---|---|---|---|---|---|---|
| Dewey Decimal Classification | Not for loan | القانون الجنائي | جــــامعة القــاهرة | مكتبة كلية الحقوق - المبنى الرئيسي | 15.01.2026 | Law1 10 343.3816 م ح . ب 1 ed - 1988 10078021 C1 | B10-07802 | 15.01.2026 | 1 | 15.01.2026 | Books | ||||
| Dewey Decimal Classification | القانون الجنائي | جــــامعة القــاهرة | مكتبة كلية الحقوق - المبنى الرئيسي | 05.04.2026 | Law1 10 343.3816 م ح . ب 1988 1007809 C2 | B10-07809 | 05.04.2026 | 1 | 05.04.2026 | Books |